Pakistan army,tareekh wa tanzeem (Record no. 582682)
[ view plain ]
| 000 -LEADER | |
|---|---|
| fixed length control field | 00503nam a22001937a 4500 |
| 003 - CONTROL NUMBER IDENTIFIER | |
| control field | CEME |
| 005 - DATE AND TIME OF LATEST TRANSACTION | |
| control field | 20210628205907.0 |
| 008 - FIXED-LENGTH DATA ELEMENTS--GENERAL INFORMATION | |
| fixed length control field | 210204b xxu||||| |||| 00| 0 eng d |
| 020 ## - INTERNATIONAL STANDARD BOOK NUMBER | |
| International Standard Book Number | 0-19-579422-2 |
| 040 ## - CATALOGING SOURCE | |
| Transcribing agency | . |
| 082 ## - DEWEY DECIMAL CLASSIFICATION NUMBER | |
| Classification number | 355.5491 COH |
| 100 ## - MAIN ENTRY--PERSONAL NAME | |
| Personal name | Stewan P.Cohan |
| 9 (RLIN) | 77411 |
| 245 ## - TITLE STATEMENT | |
| Title | Pakistan army,tareekh wa tanzeem |
| 260 ## - PUBLICATION, DISTRIBUTION, ETC. | |
| Place of publication, distribution, etc. | NEW YORK |
| Name of publisher, distributor, etc. | OXFORD UNIVERSITY PRESS |
| Date of publication, distribution, etc. | 1998 |
| 300 ## - PHYSICAL DESCRIPTION | |
| Extent | 220P |
| 650 ## - SUBJECT ADDED ENTRY--TOPICAL TERM | |
| Topical term or geographic name entry element | PAKISTAN ARMY-HISTYORY |
| 9 (RLIN) | 77412 |
| 700 ## - ADDED ENTRY--PERSONAL NAME | |
| Personal name | Sohail Anjum |
| 9 (RLIN) | 72776 |
| 942 ## - ADDED ENTRY ELEMENTS (KOHA) | |
| Koha item type | Book |
| Source of classification or shelving scheme | |
| Withdrawn status | Lost status | Damaged status | Not for loan | Permanent Location | Current Location | Shelving location | Date acquired | Total Checkouts | Full call number | Barcode | Date last seen | Price effective from | Koha item type |
|---|---|---|---|---|---|---|---|---|---|---|---|---|---|
| College of Electrical & Mechanical Engineering (CEME) | College of Electrical & Mechanical Engineering (CEME) | General Stacks | 02/24/2017 | 355.5491 COH | CEME-39913 | 06/28/2021 | 06/28/2021 | Book |
